The law Lexicon / (Record no. 171559)
[ view plain ]
| 000 -LEADER | |
|---|---|
| fixed length control field | 00545nam a22001817a 4500 |
| 005 - DATE AND TIME OF LATEST TRANSACTION | |
| control field | 20200115130508.0 |
| 010 ## - LCCN (DPL NO) | |
| LC control number | ENG-127429 |
| 020 ## - INTERNATIONAL STANDARD BOOK NUMBER | |
| International Standard Book Number | 9789388548878 |
| Terms of availability | 3495.00 |
| 035 ## - SYSTEM CONTROL NUMBER | |
| System control number | EN-110961 |
| 037 ## - SOURCE OF ACQUISITION | |
| Source of stock number/acquisition | DBAD/PUB |
| 082 ## - DEWEY DECIMAL CLASSIFICATION NUMBER | |
| Classification number | 340.5403 |
| 100 ## - MAIN ENTRY--PERSONAL NAME | |
| Personal name | Khan,Shakil Ahmad |
| 245 ## - TITLE STATEMENT | |
| Title | The law Lexicon / |
| Statement of responsibility, etc | by Shakil Ahmad Khan |
| 260 ## - PUBLICATION, DISTRIBUTION, ETC. (IMPRINT) | |
| Place of publication, distribution, etc | Gurgaon |
| Name of publisher, distributor, etc | Lexis Nexis |
| Date of publication, distribution, etc | 2017 |
| 270 ## - ADDRESS | |
| Address | 14th floor,building no-10,Tower B,DLF Cyber city phase-II |
| City | Gurgaon |
| Postal code | 122002 |
| 300 ## - PHYSICAL DESCRIPTION | |
| Extent | 2100p. |
| Dimensions | 22cm(hb) |
| 942 ## - ADDED ENTRY ELEMENTS (KOHA) | |
| Source of classification or shelving scheme | Dewey Decimal Classification |
| Item type | English Books |
| Classification part | 340.5403 |
| Call number suffix | KHA |
| Withdrawn status | Lost status | Not for loan | Collection code | Home library | Current library | Date acquired | Source of acquisition | Cost, normal purchase price | Full call number | Barcode | Copy number | Cost, replacement price | Koha item type |
|---|---|---|---|---|---|---|---|---|---|---|---|---|---|
| Non-fiction | Central Library | Central Library | 15/01/2020 | DBAD/PUB | 3495.00 | 340.5403 KHA | EN-110961 | 1 | 3495.00 | English Books |
